000 00357nam a22001457a 4500
005 20250926120612.0
008 250926b |||||||| |||| 00| 0 eng d
020 _a8127218715
050 _aSB355
_bBAR
100 _aBAROOAH S.
245 _aMODERN FRUIT CULTURE
260 _aLUDHIANA
_bKALYANI PUBLISHERS
_cc1995
300 _aix, 228p
942 _2lcc
_cBK
_n0
999 _c7754
_d7754